000 00686nam a2200193 a 4500
001 000028392
005 20240304103305.0
008 110408s2004 dr a 000 | spa d
040 _aDO-SdBNP
_bspa
_cBNPHU
082 _axxx
_bR426h
110 1 _aRepública Dominicana.
_b Secretaría de Estado de Medio Ambiente y Recursos Naturales
_914503
245 1 0 _aHacia el desarrollo sostenible.
260 _aSanto Domingo :
_bSecretaría de Estado de Medio Ambiente y Recursos Naturales,
_c2004.
300 _a39 p. :
_bil. ;
_c20 cm.
490 1 _aEstudios e investigación
504 _aIncluye referencias bibliográficas.
830 0 _aEstudios e investigación
_955351
049 _aBNPD
999 _c27884
_d27884